| 000 | 00722nam a2200181 4500 | ||
|---|---|---|---|
| 008 | 011220s1974 us eng | ||
| 020 | _a9004039139 | ||
| 090 |
_aBS1171.2 _bSu7 _b1974g |
||
| 100 | 1 | _aAllen, Leslie C. | |
| 245 | 1 | 0 |
_aThe Greek Chronicles : _bthe relation of the Septuagint of I and II Chronicles to the Masoretic text / _cLeslie C. Allen, G. W. Anderson. |
| 260 |
_aLeiden : _bE. J. Brill, _cc1974. |
||
| 300 | _a2 volumes | ||
| 490 | 1 |
_aSupplements to the Vetus Testamentum; _v25, 27 |
|
| 650 | 4 |
_aBible. O.T. Chronicles _xCriticism, Textual. |
|
| 650 | 4 |
_aBible. O.T. _xCriticism, interpretation, etc. |
|
| 700 | 1 | _aAnderson, G. W. | |
| 951 |
_p14954 _oBS1171.2/Su7/1974g-II _j070613111030500 _d2000-12-21 _cREF |
||
| 999 |
_c8117 _d8117 |
||